Súmrak monopolov

Kam smeruje slovenská energetika. Z výsledkov energetických firiem vyplýva, že hodnota štátneho majetku v nich namiesto rastu klesá. Rastie dlh a energetické firmy čelia dôsledkom vojny na Ukrajine.

Salvato in:
Dettagli Bibliografici
Autore principale: Kováč, Ján
Natura: Capitolo di libro
Lingua:slovacco
Soggetti:
Tags: Aggiungi Tag
Nessun Tag, puoi essere il primo ad aggiungerne!!

MARC

LEADER 00000naa a2200000 4500
001 0201895
005 20231113103314.8
041 0 |a slo 
044 |a SK 
245 1 0 |a Súmrak monopolov  |c Ján Kováč 
520 |a Kam smeruje slovenská energetika. Z výsledkov energetických firiem vyplýva, že hodnota štátneho majetku v nich namiesto rastu klesá. Rastie dlh a energetické firmy čelia dôsledkom vojny na Ukrajine. 
610 2 0 |a energetika 
610 2 0 |a zdroje energetické 
610 2 0 |a plyn zemný 
610 2 0 |a ropa 
610 2 0 |a firmy 
610 2 0 |a dlhy 
610 2 0 |a Slovensko 
100 1 |a Kováč, Ján